Introduction to java and software design (Record no. 135798)

MARC details
000 -LEADER
fixed length control field 00360nam a2200145Ia 4500
008 - FIXED-LENGTH DATA ELEMENTS--GENERAL INFORMATION
fixed length control field 230917s9999||||xx |||||||||||||| ||und||
040 ## - CATALOGING SOURCE
-- 112971
Original cataloging agency VIVEKANANDA LIBRARY
041 ## - Language
-- English
082 ## - DDC NUMBER
Classification number 005.133 D152I
100 ## - MAIN ENTRY--PERSONAL NAME
Personal name Dale, Nell
245 #0 - TITLE STATEMENT
Title Introduction to java and software design
260 ## - PUBLICATION, DISTRIBUTION, ETC. (IMPRINT)
Place of publication, distribution, etc New Delhi
Name of publisher, distributor, etc Narosa
Date of publication, distribution, etc 2001
300 ## - PHYSICAL DESCRIPTION
Pages 771p p.
942 ## - ADDED ENTRY ELEMENTS (KOHA)
Koha item type Books
Holdings
Withdrawn status Lost status Damaged status Not for loan Location (home branch) Sublocation or collection (holding branch) Date acquired Koha issues (times borrowed) Koha full call number Accession No. Koha date last seen Koha item type
        VIVEKANANDA LIBRARY VIVEKANANDA LIBRARY 31/01/2007   005.133 D152I 236218 17/09/2023 Books
© Designed and Maintained by Vivekananda Library, MDU Rohtak